El criticón
Saved in:
| Hovedforfatter: | |
|---|---|
| Format: | Bog |
| Sprog: | spansk |
| Udgivet: |
Buenos Aires
Losada
1941
|
| Serier: | Las Cien Obras Maestras de la Literatura y del Pensamiento Universal, 33-35
|
| Fag: | |
| Tags: |
Tilføj Tag
Ingen Tags, Vær først til at tagge denne postø!
|
MARC
| LEADER | 00000nam a2200000 a 4500 | ||
|---|---|---|---|
| 001 | UCY2639 | ||
| 003 | CL-VaPUC | ||
| 008 | 941109e19410000AG |||||||||||||||||spa|d | ||
| 082 | 0 | 4 | |a 863 |b GRA |2 21 |
| 100 | 0 | |a Gracián y Morales, Baltasar |e author |9 314545 | |
| 245 | 1 | 3 | |a El criticón |
| 300 | |a v | ||
| 942 | |c BK | ||
| 945 | |d 19941109 00:00:00 |a mfernand | ||
| 260 | |a Buenos Aires |b Losada |c 1941 | ||
| 650 | 0 | |a Novelas españolas |9 265052 | |
| 583 | |a last modification |c 19941109 00:00:00 |k Rodrigo Vera | ||
| 490 | 0 | |a Las Cien Obras Maestras de la Literatura y del Pensamiento Universal, 33-35 | |
| 999 | |c 230997 |d 230995 | ||
| 952 | |0 0 |1 0 |4 0 |6 863_000000000000000_GRA_1941 |7 0 |8 A |9 233739 |a BIBEDU |b BIBEDU |d 2019-11-15 |h v.1 |i 3023389 |o 863 GRA 1941 |p 3023389 |r 2019-11-15 |w 2019-11-15 |y BK |k LIT | ||
| 952 | |0 0 |1 0 |4 0 |6 863_000000000000000_GRA_1941 |7 0 |8 A |9 233740 |a BIBEDU |b BIBEDU |d 2019-11-15 |h v.2 |i 3023419 |o 863 GRA 1941 |p 3023419 |r 2019-11-15 |w 2019-11-15 |y BK |k LIT | ||